000
00276 a2200121 4500
001
64349
082
_a
512.5 LIP
090
_c
37984
_d
37984
100
_a
Lipschutz S
245
_a
Schaum's outline of Linear Algebra
260
_a
NY
_b
McGraw-Hill
_c
1968
300
_a
334 p.
942
_a
NUST-CAE
_k
512.5 LIP
999
_c
299422
_d
299422